000 00314pam a2200121 a 4500
020 _a81-7446-463-9
_c
041 _h
082 _a658
_bAIMA
100 _a,
245 _aPERSONAL EFFECTIVENESS AND DEVELOPMENT
_hTextual Documents
260 _aNEW DELHI
_bAMEXCEL PUBLISHERS PRIVATE LIMITED
_c1999
930 _a10598
999 _c130043
_d130043